000 00432nam a2200157 i 4500
001 bg
100 1 _aPIOTROWSKI, Witold
245 0 _aKotły parowe :
_bprzykłady obliczeniowe /
_cWitold Piotrowski, Henryk Rokicki, Ryszard Szałlicki.
260 _aGdańsk,
_c1975.
700 1 _aROKICKI, Henryk
700 1 _aSZAŁLICKI, Ryszard
040 _cBPK
041 _apol
942 _cKS
008 s pl f |000 0 pol
999 _c16444
_d16444
856 _uhttp://koha.tu.koszalin.pl/cgi-bin/koha/opac-detail.pl?biblionumber=16444
_yKatalog online BPK